000 01781nam a22002177a 4500
003 OSt
005 20241108152018.0
008 241108s2015 ||||| |||| 00| 0 spa d
020 _a8425536001789
040 _bspa
_cumch
_erda
082 _a194 A13
100 _a Aramayo, Roberto
_eautor
245 _aRosseau:
_c y la política hizo al hombre (tal como es)
260 _aEspaña:
_bBatiscafo,
_c2015
300 _a143 páginas;
_c 17x24cm.
505 _aRosseau, el pensador de la desigualdad social. -- Vida y obra, o viceversa. -- Del sentimiento a la voluntad general. -- Desigualdad, educación y política. -- Su legado para la posteridad. Epílogo
520 _a Y la política hizo al hombre... tal como es. Si alguien ha reparado en que la política y sus gobernantes modelan decisivamente a los pueblos, fue Rousseau, firme partidario de gravar las grandes fortunas, al creer que la cohesión social pasaba por propiciar una clase media, erradicando simultáneamente la indigencia y la opulencia: Fue músico, novelista, politólogo, filósofo moral, pedagogo, botánico, e inauguró el género autobiográfico. Ilustrado atípico, el culto a la razón, propio de su tiempo, no le hace olvidar el papel de las emociones. De ahí que sus escritos inspirasen tanto a Kant como al romanticismo. Robespierre le idolatró y muchos vieron en él al padre intelectual de la Revolución francesa, pero también se le ha tenido por un ancestro de Marx sin que falten quienes lo consideran precursor de los totalitarismo. El máximo interés de Rousseau consiste en haber sabido atisbar todas las encrucijadas que caracterizan a la época moderna: la nuestra.
600 1 0 _2Rosseau, Jean-Jacques
_xCrítica e interpretación
650 _aFILOSOFÍA FRANCESA
942 _2ddc
_cLIB
_n0
999 _c53503
_d53503